000 00642nam a2200217 i 4500
001 90791
003 ES-MaACL
005 20250808062532.0
007 t|
008 050125s1956 sp ||||1| spa d
100 1 _aLeclercq, Jacques.
_971094
245 1 0 _aValores cristianos /
_cJacques Leclercq ; versión castellana por Pio María de Montoya.
250 _a2ª ed.
260 _aSan Sebastián :
_bDinor,
_c1956 (
_fIzarra)
300 _a189 p. ;
_c18 cm.
490 1 _aPrisma ;
_v4
700 1 _aMontoya, Pío María de.
_982709
830 0 0 _aPrisma
_v4
_9180749
852 _aES-MaACL
_jC-11608
_bR.39682
999 _c90791
_d90791